| 000 | 00335nam a22001337a 4500 | ||
|---|---|---|---|
| 008 | 170627b xxu||||| |||| 00| 0 eng d | ||
| 020 | _a9780669386325 | ||
| 041 | _aeng | ||
| 080 | _a82 | ||
| 100 | _a21 | ||
| 101 | _aGJL | ||
| 245 |
_aEXPRESS A AHND BOK FOR YOUNG WRTERS THIMKERS AND LEARNES _cKRENZKE.CH |
||
| 942 |
_2udc _cBK |
||
| 999 |
_c19237 _d19237 |
||